Les lieux des records de chaleur par département - anagrammes - Statistiques

Statistiques générales
  • Ce quiz a été pris 24 fois
  • Le résultat moyen est 44 sur 96
Statistiques - réponses
Commune (anagramme) Date Département
Température
en °C
% Correct
Pairs 25/07/2019 Paris 42.1
63%
Acne-Lent 12/07/1982 Alpes-Maritimes 42.7
58%
Matchs-Asian 28/06/2019 Bouches-du-Rhône 44.6
58%
Transee 23/07/2009 Corse-du-Sud 43.4
58%
Insu-Lines-Absobes 28/06/2019 Drôme 44.0
58%
Long-Gueux-Ramatuelle 28/06/2019 Gard 45.9
58%
Cliva 29/07/1983 Haute-Corse 42.1
58%
Soultoue 08/08/1923 Haute-Garonne 44.0
58%
Spisos 18/06/2022 Landes 43.4
58%
Intestine-Ane 07/06/2015 Loire 41.1
58%
Bairoux 25/07/2019 Nord 42.1
58%
Nylo 13/08/2003 Rhône 40.5
58%
Bail 29/07/1993 Tarn 42.5
58%
Boumantan 04/08/2003 Tarn-et-Garonne 41.8
58%
Auberge-em-Buyin 13/08/2003 Ain 40.3
53%
Ecrans-Nacos 13/08/2003 Aude 41.9
53%
Bourgtsars 25/07/2019 Bas-Rhin 38.9
53%
Nitecquin 18/07/2022 Côtes-d'Armor 40.6
53%
Vereux 25/07/2019 Eure 40.9
53%
Numeral 18/07/2022 Finistère 40.3
53%
Caireaube 27/06/2019 Gers 42.0
53%
Brates 18/06/2022 Hautes-Pyrénées 39.2
53%
Liviabrulee 25/07/2019 Haut-Rhin 40.1
53%
Graveuers 28/06/2019 Hérault 46.0
53%
Mouhouseter 25/07/2019 Moselle 40.4
53%
Zarbitri 18/06/2022 Pyrénées-Atlantiques 42.9
53%
Ravages 28/06/2019 Var 44.5
53%
Benira 25/07/2019 Aisne 42.1
47%
Auto-Censurant-Hau-Banai 28/06/2019 Alpes-de-Haute-Provence 42.2
47%
Pierresgros 28/06/2019 Ardèche 43.2
47%
Se-Ma-Humerus 25/07/2019 Ardennes 41.4
47%
Bur-Nous-Ivory 25/07/2019 Aube 42.4
47%
Gerances 25/07/2019 Calvados 41.0
47%
Notuss 23/07/2019 Charente 40.9
47%
Titans-Agnan 18/07/2022 Charente-Maritime 41.4
47%
Taxis-Maury-Indignant 25/07/2019 Cher 42.0
47%
Echantillon-Réus-Si 25/07/2019 Côte-d'Or 42.1
47%
Ducheautan 25/07/2019 Eure-et-Loir 41.7
47%
Beauxdor 23/07/2019 Gironde 42.6
47%
Lelongtrain-Mange 28/06/2019 Hautes-Alpes 41.1
47%
Saribleu 18/07/2022 Ille-et-Vilaine 41.6
47%
Harengbic 18/07/2022 Loire-Atlantique 42.3
47%
Luory 25/07/2019 Loiret 43.3
47%
Dedolze-de-Le-Clet 28/06/2019 Lozère 41.5
47%
Villelongue 18/07/2022 Manche 40.4
47%
Cynan 24/07/2019 Meurthe-et-Moselle 40.1
47%
Grassesept 25/07/2019 Meuse 39.9
47%
Zalar 18/07/2022 Morbihan 41.1
47%
Luo-Boule 28/06/2019 Pyrénées-Orientales 43.6
47%
Nouer 19/07/2022 Seine-Maritime 41.8
47%
Decante 28/06/2019 Vaucluse 44.3
47%
Chantyoann 18/07/2022 Vendée 42.2
47%
Dorez 27/06/2019 Aveyron 38.9
42%
CaiMass 27/06/2019 Cantal 40.9
42%
Ville-Aigre-Balard 23/07/2019 Corrèze 42.1
42%
Coussab 25/07/2019 Creuse 40.9
42%
Lapinretro 25/07/2019 Doubs 38.0
42%
Soleil-Semer 25/07/2019 Essonne 42.8
42%
Dizaines-Tir 25/07/2019 Haute-Marne 41.4
42%
Bouleaux-Style-Namur 25/07/2019 Haute-Saône 40.8
42%
Terre-Axial-Physi-Cien 23/07/2019 Haute-Vienne 38.4
42%
Taneyfon 12/08/2003 Hauts-de-Seine 42.0
42%
Blancle 01/08/1947 Indre 43.7
42%
Leonberg 13/08/2003 Isère 39.5
42%
Alicante-Sud 24/07/2019 Jura 41.0
42%
Cazals 04/08/2003 Lot 43.0
42%
Vivosse-le-Cien 18/07/2022 Mayenne 41.0
42%
Cediez 12/08/2003 Nièvre 43.1
42%
Courtrimaje 25/07/2019 Oise 41.8
42%
Rangeant 25/07/2019 Orne 40.2
42%
Rasas 25/07/2019 Pas-de-Calais 41.7
42%
Morlflent-Rencard 26/06/2019 Puy-de-Dôme 40.9
42%
Anomalie-Par-Ly 27/07/1983 Saône-et-Loire 42.0
42%
Restons 25/07/2019 Sarthe 41.3
42%
Excusés-Hale-Hal 31/07/2020 Savoie 39.8
42%
Remet-Boxon-Casuals 25/07/2019 Seine-et-Marne 42.9
42%
Manies 25/07/2019 Somme 41.7
42%
Duonul 29/06/2019 Vienne 41.1
42%
Nabis 25/07/2019 Vosges 40.8
42%
Biclash 25/07/2019 Yonne 42.6
42%
Breton-Vert 13/07/1983 Allier 43.2
37%
Cousa 27/06/2019 Ariège 37.0
37%
Craberge 27/07/1947 Dordogne 42.0
37%
Enfantons 28/06/2019 Haute-Loire 40.9
37%
Cyanne 13/08/2003 Haute-Savoie 38.5
37%
Nincho 25/07/2019 Indre-et-Loire 43.0
37%
Ayantthorn-Normalien 25/07/2019 Loir-et-Cher 42.0
37%
Soussomme 25/07/2019 Marne 42.2
37%
Bel Gouter 25/07/2019 Seine-Saint-Denis 42.1
37%
Ses-Trois-Menus-Fadas 25/07/2019 Val-de-Marne 43.6
37%
Gains-Pures-Amoches 25/07/2019 Val-d'Oise 41.6
37%
Villageman 25/07/2019 Yvelines 42.0
37%
Sarthou 06/08/2003 Deux-Sèvres 43.0
32%
Seule-Bruni-Aloyau 18/07/2022 Maine-et-Loire 42.7
32%
Fortble 24/07/2019 Belfort 38.1
26%
Sardu 23/07/2019 Lot-et-Garonne 41.5
26%
Aucun quiz correspondant
Distribution des résultats
% des personnes avec chaque résultat
Percentile par nombre de réponses
Votre historique - résultats
Vous n’avez pas pris ce quiz